Harry Potter multiple choice - Statistics

General Stats
  • This quiz has been taken 39 times
  • The average score is 9 of 10
Answer Stats
Question Answer % Correct
What spell opens doors? Alohomora
100%
Who transforms into a cat Minerva McGonagall
100%
Who are Harry's best friends? Ron and Hermoine
100%
Who is the villain Voldemort
100%
Who haunts the bathrooms? Moaning myrtle
92%
Who is Harry's Godfather? Sirius black
92%
What house is Cedric Diggory? Hufflepuff
83%
Who survives? George
75%
What house is Cho Chang Ravenclaw
75%
Who are his parents? James and Lily potter
50%
No matching quizzes found
Score Distribution
Percent of People with Each Score
Percentile by Number Answered
Your Score History
You have not taken this quiz